Une réplique = un film commençant par M - Statistiques

Statistiques générales
  • Ce quiz a été pris 49 fois
  • Le résultat moyen est 8 sur 20
Statistiques - réponses
Réplique(s) Film % Correct
(Et) bien ce n’est pas Mission Difficile Monsieur Hunt, c’est ------- ----------. Difficile serait un jeu d’enfant pour vous. Mission Impossible
95%
Choisis la pilule bleue et tout s'arrête. Après, tu pourras faire de beaux rêves et penser ce que tu veux. Choisis la pilule rouge, tu restes au pays des merveilles et on descend avec le lapin blanc au fond du gouffre. Matrix
81%
C'est le soir de Noël et à cause de vous, notre enfant est perdu dans l'une des plus grandes villes du monde. [Kate McCallister] Maman j'ai (encore) raté l'avion
74%
Supercalifragilisticexpialidocious. C'est vrai que ce mot trop long est parfaitement atroce ! Mais faut l'dire et vous s'rez à la page et plus précoce. Mary Poppins
74%
La différence entre toi et moi, c’est que moi j’ai la classe. [l'agent J] Men In Black
67%
A Aubagne, belle comme elle est, on finira par me la prendre / Je t'aime d'une façon qui n'est pas possible de te le dire. Tout le temps je te vois, tout le temps je te parle, quand je mange, ça n'a pas de goût... le sommeil, ça me l'a tué alors si tu me veut pas, soit je meurs soit je deviens fou. [Ugolin] Manon des Sources
58%
- La vraie question est savez-vous vraiment pourquoi vous êtes ici. [le Mérovingien] - Nous sommes à la recherche du maître des clefs. [Morpheus] Matrix Reloaded
58%
- Je travaille mon sac (de frappe) patron. [Maggie Fitzgerald] - Je suis pas ton patron et c'est le sac qui te travaille. [Frankie Dunn] Million dollar baby
47%
J'adore votre fille Jack, je suis très amoureux d'elle. Mais pour être franc, je suis assez terrifié à l'idée de devenir votre gendre. [Gaylord Furniker] Mon beau père et moi
44%
Quel désastre ! mon premier jour en femme, j'ai déjà des bouffées de chaleur. Madame Doubtfire
30%
Je suis votre plus fervente admiratrice. Vous n'avez aucune crainte à avoir. Ça va aller mieux, je vais bien m'occuper de vous. [Annie Wilkes à Paul Sheldon] Misery
28%
Pour une nation de porc, c'est drôle que chez vous personne n'en consomme ! {Billy Hayes en Turquie] Midnight express
23%
Aston Martin l’a créée pour le plaisir des yeux, nous nous l’avons fait… Disparaître ! [Q] Meurs un autre jour
21%
J'ai rencontré votre nouvelle double agent zéro zéro sept, une jeune femme vraiment désarmante. Mourir peut attendre
19%
- Quelle est la dernière fois ou tu as vu Dave? - La dernière fois que j'ai vu Dave. - Oui Jimmy, Dave Boyle. - C'était il y a vingt cinq ans. Il remontait cette rue à l'arrière d'une voiture. Mystic River
16%
- Christian m'a dit que vous alliez à un événement en Suède. - Un festival, neuf jours de folie, qui n'a lieu que tous les 90 ans. Midsommar
9%
Tu brilles aussi fort qu'un miroir de bordel, même un aveugle te verrait à dix lieues d’ici. [Jack Beauregard] Mon nom est personne
7%
- Qu’est ce qu’on a besoin de retourner à Paris, du boulot on en avait à Athènes, non ? [Denis] - Ouais t’as raison, lequel tu préférais : quand on lavait les chiottes du camping ou quand on jouait du bouzouki habillé en berger ? [François] Marche à l'ombre
5%
- Quel genre d'animal êtes-vous? [Annabelle Bransford] - Un vautour. [Bret] Maverick
5%
- On est mort(s) ? - Non, on est juste à l'intérieur de la lune. [Brian Harper] - C'est la phrase la plus culte jamais prononcée. [KC Horseman] Moonfall
5%
Aucun quiz correspondant
Distribution des résultats
% des personnes avec chaque résultat
Percentile par nombre de réponses
Votre historique - résultats
Vous n’avez pas pris ce quiz